00417cam a2200181 a 45000010009000000050017000090080041000260100017000670200018000840400018001020410008001200420008001280800015001360820019001511000007001701010008001772450050001851740851220180228075900.0120730s2014 njua 001 0 eng  a 2012023128 a9780321833655 aDLCcDLCdDLC aeng apcc a512.9 rob00a512.9 rob2231 a38 amat10aCollege algebra essentials /cRobert Blitzer.